| 000 | 01756nam a2200241Ia 4500 | ||
|---|---|---|---|
| 003 | OSt | ||
| 005 | 20210408141402.0 | ||
| 008 | 210310s1994 ck gr 000 0 spa d | ||
| 020 | _a9589526624 | ||
| 040 |
_aCO-JMCR _cCO-JMCR |
||
| 041 | 0 | _aspa | |
| 082 | 0 | 4 |
_a343.04 / _bB849d _223 |
| 100 | 1 |
_aBriceño de Valencia, Martha teresa, _eautor _925536 |
|
| 245 | 1 | 3 |
_aEl derecho en los ajustes integrales por inflación : _bpara profesionales no expertos en contabilidad / _cMartha Teresa Briceño de Valencia, Olga Esperanza Hoyos de Ordoñez |
| 260 |
_aBogotá : _b[S/N] _c1994 |
||
| 300 |
_b205 páginas ; _c25 cm. |
||
| 500 | _a0 | ||
| 505 | 0 | _aÁmbito de aplicación. -- Obligados a aplicar el sistema. -- Métodos de ajuste. Porcentaje de ajuste año gravable - PAAG. -- Especialidad en la aplicación de las normas tributarias. -- Determinación de factores de ajustes. -- Cuentas especiales para registrar los ajustes por inflación. -- Ajustes de los activos fijos. -- Ajustes de acción y aportes. -- Ajustes a los inventarios. -- Tratamiento a los gastos financieros para la adquisición de activos. -- Ajustes de inversiones de capital. -- ajustes para el sector de la construcción. -- Ajustes a los activos representados en moneda extranjera en Upac o con pacto de ajustes. -- Ajuste del patrimonio. -- Pasivos no monetarios. -- Ajustes a las cuentas de resultado. -- Deducción teórico. -- Efecto de los ajustes. -- Legislación contable. -- Legislación fiscal. -- Concepto marco emitido por la subdirección jurídica de la dirección de impuestos y aduanas nacionales. | |
| 650 | 1 | 4 |
_aAjustes por inflación. _925538 |
| 650 | 2 | 4 |
_aContabilidad _97829 |
| 700 | 1 |
_aHoyos de Ordoñez, Olga Esperanza, _eautor _936700 |
|
| 942 |
_2ddc _cBK |
||
| 999 |
_c11444 _d11444 |
||